[Event "Bandarabbas Rapid"]
[Site "Bandarabbas"]
[Date "2016.01.29"]
[Round "7.1"]
[White "Toufighi, Homayoon"]
[Black "Samareh Shahpasand, Farshad"]
[Result "1-0"]
[WhiteElo "2464"]
[BlackElo "2138"]
[PlyCount "69"]
[EventDate "2015.12.30"]
[EventType "swiss (rapid)"]
[EventRounds "9"]
[EventCountry "IRI"]
[SourceTitle "EXT 2024"]
[Source "ChessBase"]
[SourceDate "2023.10.10"]
[SourceVersion "1"]
[SourceVersionDate "2023.10.10"]
[SourceQuality "1"]

1. e4 c5 2. Nf3 e6 3. c3 d5 4. exd5 Qxd5 5. d4 Nf6 6. Bd3 Nc6 7. 0-0 Be7 8. Be3 cxd4 9. cxd4 0-0 10. Nc3 Qd6 11. a3 b6 12. Rc1 Bb7 13. Qe2 Rac8 14. Rfd1 h6 15. Bb1 Rfd8 16. Qd3 Bf8 17. Ne4 Nxe4 18. Qxe4 g6 19. Qh4 h5 20. Ng5 Bg7 21. Be4 Qd7 22. d5 Ne7 23. Nxf7 Kxf7 24. dxe6+ Qxe6 25. Bxb7 Rxc1 26. Rxc1 Bxb2 27. Re1 Bc3 28. Qf4+ Qf6 29. Qc4+ Kg7 30. Bg5 Qxg5 31. Qxc3+ Kf7 32. Qc4+ Kf8 33. h3 Qc5 34. Qf4+ Qf5 35. Qh6+ 1-0

[Event "Rafsanjan op 1st"]
[Site "Rafsanjan"]
[Date "2015.08.13"]
[Round "6"]
[White "Samareh Shahpasand, Farshad"]
[Black "Kanan Azer, Nasser"]
[Result "1-0"]
[WhiteElo "2004"]
[BlackElo "2028"]
[PlyCount "65"]
[EventDate "2015.08.10"]
[EventType "swiss"]
[EventRounds "9"]
[EventCountry "IRI"]
[SourceTitle "EXT 2016"]
[Source "ChessBase"]
[SourceDate "2015.10.08"]
[SourceVersion "1"]
[SourceVersionDate "2015.10.08"]
[SourceQuality "1"]

1. e4 e5 2. Nf3 Nc6 3. Bb5 Nge7 4. d4 exd4 5. Nxd4 g6 6. Nc3 Bg7 7. Be3 0-0 8. Qd2 d6 9. 0-0-0 a6 10. Bc4 Nxd4 11. Bxd4 Be6 12. Bxg7 Kxg7 13. h4 Bxc4 14. Qd4+ f6 15. Qxc4 Rf7 16. h5 g5 17. h6+ Kf8 18. f4 gxf4 19. Rdf1 Ng6 20. Nd5 Ne5 21. Qb3 f3 22. gxf3 Qc8 23. Nf4 b5 24. Ne6+ Ke7 25. Ng7 Nc4 26. Qd3 Qb7 27. f4 Raf8 28. Re1 Qc6 29. b3 Nb6 30. Rh5 Nd7 31. e5 fxe5 32. fxe5 d5 33. e6 1-0

[Event "Kerman Navabi Memorial op 2nd"]
[Site "Kerman"]
[Date "2013.08.31"]
[Round "7"]
[White "Samareh Shahpasand, Farshad"]
[Black "Vassalam, MT."]
[Result "0-1"]
[WhiteElo "2040"]
[BlackElo "2097"]
[PlyCount "62"]
[EventDate "2013.08.27"]
[EventType "swiss"]
[EventRounds "9"]
[EventCountry "IRI"]
[SourceTitle "EXT 2014"]
[Source "ChessBase"]
[SourceDate "2013.11.20"]
[SourceVersion "1"]
[SourceVersionDate "2013.11.20"]
[SourceQuality "1"]

1. e4 e5 2. Nf3 Nc6 3. Bb5 Nd4 4. Nxd4 exd4 5. 0-0 Bc5 6. d3 Ne7 7. Nd2 0-0 8. f4 f5 9. Nf3 d5 10. e5 a5 11. Ba4 c6 12. a3 b5 13. Bb3 a4 14. Ba2 Bb6 15. Bd2 h6 16. Be1 Be6 17. Bf2 c5 18. c3 dxc3 19. bxc3 Qd7 20. Rb1 Rab8 21. Rb2 Rfc8 22. Qd2 Ba5 23. Qc2 b4 24. cxb4 cxb4 25. Qd1 b3 26. Bxb3 axb3 27. Rxb3 Rxb3 28. Qxb3 d4 29. Qb1 Bc3 30. Rc1 Ra8 31. g3 Qd5 0-1

[Event "Kerman Navabi Memorial op 2nd"]
[Site "Kerman"]
[Date "2013.08.29"]
[Round "4"]
[White "Arabzadeh, Mohammad Yasin"]
[Black "Samareh Shahpasand, Farshad"]
[Result "0-1"]
[WhiteElo "1916"]
[BlackElo "2040"]
[PlyCount "78"]
[EventDate "2013.08.27"]
[EventType "swiss"]
[EventRounds "9"]
[EventCountry "IRI"]
[SourceTitle "EXT 2014"]
[Source "ChessBase"]
[SourceDate "2013.11.20"]
[SourceVersion "1"]
[SourceVersionDate "2013.11.20"]
[SourceQuality "1"]

1. e4 c5 2. Nf3 d6 3. d4 cxd4 4. Nxd4 Nf6 5. Nc3 a6 6. Be2 e5 7. Nf5 d5 8. Bg5 d4 9. Nb1 Qa5+ 10. Qd2 Qb6 11. Bxf6 Qxf6 12. g4 g6 13. Ng3 Qb6 14. c3 Nc6 15. cxd4 Bb4 16. Nc3 exd4 17. 0-0 dxc3 18. bxc3 Bc5 19. Qh6 Bf8 20. Qg5 Qc5 21. Qf6 Qe5 22. Qh4 Be7 23. Qh6 Bg5 24. Qh3 h5 25. f4 hxg4 26. Qg2 Bxf4 27. Qf2 g5 28. Rfd1 Be6 29. Rab1 Qxc3 30. Rd3 Qc2 31. Rxb7 Ne5 32. Qd4 Qxd3 33. Qb4 Nf3+ 34. Bxf3 Qe3+ 35. Kf1 Qxf3+ 36. Ke1 Bxg3+ 37. hxg3 Rh1+ 38. Kd2 Rd1+ 39. Kc2 Qd3+ 0-1

[Event "Kerman Navabi Memorial op 2nd"]
[Site "Kerman"]
[Date "2013.08.28"]
[Round "3"]
[White "Samareh Shahpasand, Farshad"]
[Black "Khodadadi, Saeed"]
[Result "1-0"]
[WhiteElo "2040"]
[BlackElo "1839"]
[PlyCount "97"]
[EventDate "2013.08.27"]
[EventType "swiss"]
[EventRounds "9"]
[EventCountry "IRI"]
[SourceTitle "EXT 2014"]
[Source "ChessBase"]
[SourceDate "2013.11.20"]
[SourceVersion "1"]
[SourceVersionDate "2013.11.20"]
[SourceQuality "1"]

1. e4 e6 2. d4 d5 3. Nd2 Nf6 4. e5 Nfd7 5. f4 c5 6. c3 Nc6 7. Ndf3 Qb6 8. g3 cxd4 9. cxd4 Bb4+ 10. Kf2 0-0 11. Bh3 f5 12. g4 fxg4 13. Bxg4 Nxd4 14. Nxd4 Nxe5 15. Bf3 Bc5 16. Be3 Qxb2+ 17. Kg3 Nc4 18. Bf2 Qb6 19. Nge2 Rf6 20. h4 Bd7 21. Rb1 Qc7 22. Rb3 Ba4 23. Nxe6 Bxf2+ 24. Kxf2 Qb6+ 25. Rxb6 Bxd1 26. Rxb7 Bxe2 27. Bxd5 Nb6 28. Rxb6 axb6 29. Nc7+ Kf8 30. Nxa8 Bh5 31. Ke3 Ke7 32. Rc1 Rd6 33. Be4 h6 34. Nc7 Bf7 35. Nb5 Rd8 36. Rc7+ Kf8 37. a3 Rd1 38. Nc3 Re1+ 39. Kd4 Ra1 40. Nd5 Bxd5 41. Bxd5 Rxa3 42. Rf7+ Ke8 43. Rxg7 Rh3 44. Ke5 Kf8 45. Rf7+ Kg8 46. Kf6 Rxh4 47. Rd7+ Kh8 48. Rd8+ Kh7 49. Be4# 1-0

[Event "Kerman"]
[Site "Kerman"]
[Date "2012.12.03"]
[Round "10"]
[White "Darban Vaighani, Morteza"]
[Black "Samareh Shahpasand, Farshad"]
[Result "1-0"]
[WhiteElo "2384"]
[BlackElo "2001"]
[PlyCount "129"]
[EventDate "2012.11.28"]
[EventType "tourn"]
[EventRounds "15"]
[EventCountry "IRI"]
[SourceTitle "EXT 2014"]
[Source "ChessBase"]
[SourceDate "2013.11.20"]
[SourceVersion "1"]
[SourceVersionDate "2013.11.20"]
[SourceQuality "1"]

1. e4 c5 2. Nc3 g6 3. Nf3 Nc6 4. d4 cxd4 5. Nxd4 Bg7 6. Nb3 Nf6 7. Be2 0-0 8. 0-0 d6 9. Re1 Be6 10. Bf1 Qc7 11. Bf4 Nh5 12. Bd2 Nf6 13. Nb5 Qb8 14. N5d4 Bd7 15. c3 e5 16. Nf3 d5 17. exd5 Nxd5 18. Bg5 Nb6 19. Nc5 Bc8 20. Nd2 h6 21. Bh4 g5 22. Bg3 Qd6 23. Ndb3 Qe7 24. f3 Bf5 25. Bd3 Rad8 26. Qc2 Bxd3 27. Nxd3 Nd7 28. Re2 Qd6 29. Rae1 Qg6 30. Ndc5 Qxc2 31. Rxc2 Nxc5 32. Nxc5 b6 33. Nb3 Rd5 34. h4 Rfd8 35. hxg5 hxg5 36. Bf2 Bf8 37. Be3 f6 38. Kf2 Ne7 39. Ke2 Nf5 40. Bf2 Ng7 41. Rd2 Ne6 42. g3 Rxd2+ 43. Nxd2 Bc5 44. Bxc5 Nxc5 45. Ne4 Kg7 46. Nxc5 bxc5 47. Rd1 Rb8 48. b3 a5 49. Rd7+ Kg6 50. Ra7 c4 51. bxc4 Rb2+ 52. Ke3 Rxa2 53. c5 Kf5 54. Re7 Rb2 55. g4+ Kg6 56. Kd3 Rb8 57. Ra7 Rd8+ 58. Ke4 Rd1 59. Rxa5 Re1+ 60. Kd5 Rd1+ 61. Ke6 Rd3 62. Ra3 Re3 63. c6 e4 64. f4 Rh3 65. f5+ 1-0